000 00906nam a2200229 a 4500
001 79972
003 BD-RjUL
005 20220615130829.0
008 220615s2022 bg ||||| |||| 00| 0 ben d
020 _a9847000004680
035 _a(BD-RjUL)79972
040 _aBD-RjUL
_beng
_cBD-RjUL
041 _aben
082 _223
_a891.4409
_bBHP 2022
100 _aভট্টাচার্য, তপোধীর
_93636
245 1 0 _aপ্রতীচ্যের সাহিত্যতাত্ত্বিক /
_cতপোধীর ভট্টাচার্য
260 _aঢাকা :
_bজাতীয় সাহিত্য প্রকাশ
_c২০২২
300 _a২৩৮ পৃ.;
_c২২ সেমি.
650 _aবাংলা সাহিত্য
_xইতিহাস ও সমালোচনা
650 _aBengali Literature
_xHistory and Criticism
942 _2ddc
_cBK
999 _c79972
_d79972